| 000 | 00477nam a2200157Ia 4500 | ||
|---|---|---|---|
| 008 | 210716s1995 xx 000 0 und d | ||
| 020 | _a0065004965 | ||
| 041 | _aeng | ||
| 082 | _a658.3 MINJ | ||
| 100 | _aMiner, John B;Crane, Donald P. | ||
| 245 |
_aHuman resource management: the strategic perspective. _bStrategic perspective. |
||
| 250 | _a1 | ||
| 260 |
_aNew York _bHarper Collins Publishers _c1995 |
||
| 300 | _axxxxix,712 | ||
| 650 | _aHuman Resource Management(658.3) | ||
| 999 |
_c198964 _d198964 |
||